00617nam a2200181Ia 4500008004100000100001600041245011200057245005300169260004900222260000900271300003400280440004500314650001300359650001600372650001500388650001300403999001900416190422s9999 xx 000 0 und d aOshri, Ilan aExploring the effects of familiarity and advisory services on innovation outcomes in outsourcing settings / cIlan Oshri, Daria Arkhipova and Giovanni Vaia.-- bAssociation for Information Technology Trust c2018 apages 203-215, September 2018 aJournal of Information Technologyv33(3) aAdvisory aFamiliarity aInnovation aServices c361455d361455